Egyptian revival in Bohemia, 1850-1920 : Orientalism and Egyptomania in Czech lands /

محفوظ في:

المؤلف الرئيسي: Navrátilová, Hana (مؤلف)

مؤلف مشترك: Český egyptologický ústav.

مؤلفون آخرون: Míšek, Roman.

التنسيق: كتاب

اللغة: English
Czech

منشور في: Prague : Set Out, 2003.

الطبعة: 1st ed.

الموضوعات:

الوسوم: إضافة وسم

لا توجد وسوم, كن أول من يضع وسما على هذه التسجيلة!

رقم الطلب: N6351.2 .E39 N38 2003

LEADER 01483namaa2200373 4500
001 25226
003 OSt
005 20250824103056.0
008 130303s2003 xr a b 001 0 eng d
010 |a 2005444498 
020 |a 8086277321 
040 |c ARCE Library 
041 1 |a eng  |h cze 
043 |a e-xr--- 
050 4 |a N6351.2 .E39 N38 2003 
100 1 |a Navrátilová, Hana,   |e author  |9 36772 
240 1 0 |a Egypt v české kultuře přelomu devatenáctého a dvacátého století.  |l English 
245 1 0 |a Egyptian revival in Bohemia, 1850-1920 :   |b Orientalism and Egyptomania in Czech lands /   |c by Hana Navrátilová. 
246 3 0 |a Orientalism and Egyptomania in Czech lands. 
250 |a 1st ed. 
264 1 |a Prague :   |b Set Out,   |c 2003. 
300 |a 263 pages :   |b illustrations ;   |c 22 cm. 
500 |a "With contribution, 'The background of Austrian economic influence in Egypt, Sudan, and the Levant' by Roman Mísĕk." 
504 |a Includes bibliographical references and index. 
650 0 |a Orientalism in art. 
651 0 |a Bohemia (Czech Republic)  |x Civilization  |x Egyptian influences. 
651 0 |a Bohemia (Czech Republic)  |x Civilization  |y 19th century. 
651 0 |a Bohemia (Czech Republic)  |x Civilization  |y 20th century. 
700 1 |a Míšek, Roman.  |9 36053 
710 2 |a Český egyptologický ústav. 
740 0 2 |a Background of Austrian economic influence in Egypt, Sudan, and the Levant. 
901 |a reviewed 
942 |c BK  |2 lcc 
999 |c 21178  |d 21178